[Event "Wisconsin int."]
[Site "Madison USA"]
[Date "2017.06.15"]
[Round "5.3"]
[White "Metpally, Jason"]
[Black "Hambleton, Aman"]
[Result "0-1"]
[WhiteElo "2053"]
[BlackElo "2471"]
[PlyCount "96"]
[EventDate "2017.06.13"]
[EventType "swiss"]
[EventRounds "9"]
[EventCountry "USA"]
[Source "Mark Crowther"]
[SourceDate "2017.07.03"]

1. d4 Nf6 2. c4 e6 3. g3 c5 4. d5 exd5 5. cxd5 d6 6. Bg2 g6 7. Nc3 Bg7 8. Nf3
O-O 9. O-O a6 10. a4 Nbd7 11. Bf4 Qe7 12. Rb1 Ng4 13. Qd2 a5 14. Rfe1 Nge5 15.
Nxe5 Nxe5 16. Bxe5 Bxe5 17. f4 Bg7 18. e4 Bd4+ 19. Kh1 Bd7 20. b3 Rfe8 21. Qd3
h5 22. Ne2 Bg7 23. Ng1 h4 24. Bh3 Bxh3 25. Nxh3 hxg3 26. hxg3 Qd7 27. Kg2 b5
28. axb5 Rab8 29. Re2 Qxb5 30. Qxb5 Rxb5 31. Ng5 a4 32. Ra2 Rxb3 33. Rc1 Rb2+
34. Rc2 Rxc2+ 35. Rxc2 Bf6 36. Kf3 Bxg5 37. fxg5 a3 38. Ra2 Ra8 39. Kf4 Ra4 40.
Ke3 Kf8 41. Kd3 Ke7 42. Ke3 f6 43. gxf6+ Kxf6 44. Kf2 Ke5 45. Kf3 g5 46. g4 c4
47. Ke3 Rb4 48. Ra1 Rb3+ 0-1

[Event "Wisconsin int."]
[Site "Madison USA"]
[Date "2017.06.16"]
[Round "6.1"]
[White "Hambleton, Aman"]
[Black "Stukopin, Andrey"]
[Result "0-1"]
[WhiteElo "2471"]
[BlackElo "2577"]
[PlyCount "72"]
[EventDate "2017.06.13"]
[EventType "swiss"]
[EventRounds "9"]
[EventCountry "USA"]
[Source "Chess Mix"]
[SourceDate "2017.07.10"]

1. c4 c5 2. Nf3 Nf6 3. Nc3 Nc6 4. d4 cxd4 5. Nxd4 e6 6. Bf4 d5 7. e3 Bb4 8. Be2
Ne4 9. Ndb5 O-O 10. O-O Bxc3 11. Nxc3 Nxc3 12. bxc3 dxc4 13. Bxc4 Qf6 14. Rc1
e5 15. Bg3 Be6 16. Bd5 Bxd5 17. Qxd5 Rad8 18. Qc4 h5 19. f4 exf4 20. Bxf4 Rd2
21. e4 Rb2 22. Bg3 Qg6 23. Rf2 Rxf2 24. Bxf2 Rd8 25. Re1 Ne5 26. Qc7 Nf3+ 27.
Kh1 Rd2 28. Rf1 Ng5 29. Be3 Rxg2 30. Qc8+ Kh7 31. Kxg2 Qxe4+ 32. Kf2 Qf3+ 33.
Ke1 Qxe3+ 34. Kd1 Qd3+ 35. Ke1 Nf3+ 36. Kf2 Nxh2 0-1

[Event "Wisconsin int."]
[Site "Madison USA"]
[Date "2017.06.16"]
[Round "7.3"]
[White "Friedel, Joshua"]
[Black "Hambleton, Aman"]
[Result "1/2-1/2"]
[WhiteElo "2528"]
[BlackElo "2471"]
[PlyCount "71"]
[EventDate "2017.06.13"]
[EventType "swiss"]
[EventRounds "9"]
[EventCountry "USA"]
[Source "Chess Mix"]
[SourceDate "2017.07.10"]

1. d4 d5 2. c4 dxc4 3. e3 Nf6 4. Bxc4 e6 5. Nf3 c5 6. O-O a6 7. Bb3 cxd4 8.
exd4 Nc6 9. Nc3 Be7 10. Bg5 O-O 11. Qd2 Na5 12. Bc2 b5 13. Rad1 Bb7 14. d5 Bxd5
15. Nxd5 exd5 16. Qf4 Rc8 17. Bd3 Nh5 18. Qh4 Bxg5 19. Qxh5 h6 20. Be4 g6 21.
Qh3 Qf6 22. Bxd5 Rcd8 23. Nxg5 hxg5 24. Qg4 Qf4 25. Qxf4 gxf4 26. g3 fxg3 27.
fxg3 Kg7 28. b3 Rd6 29. Bf3 Rfd8 30. Rxd6 Rxd6 31. Rc1 Rd2 32. Rc7 Rxa2 33. Bd5
Ra1+ 34. Kg2 Ra2+ 35. Kh3 Rf2 36. b4 1/2-1/2

[Event "Wisconsin int."]
[Site "Madison USA"]
[Date "2017.06.17"]
[Round "8.4"]
[White "Hambleton, Aman"]
[Black "Wang, Justin"]
[Result "1-0"]
[WhiteElo "2471"]
[BlackElo "2232"]
[PlyCount "147"]
[EventDate "2017.06.13"]
[EventType "swiss"]
[EventRounds "9"]
[EventCountry "USA"]
[Source "Mark Crowther"]
[SourceDate "2017.07.03"]

1. d4 Nf6 2. Bf4 e6 3. Nf3 c5 4. e3 Nc6 5. Nbd2 d5 6. c3 Bd6 7. Bg3 O-O 8. Bd3
b6 9. e4 Be7 10. e5 Nh5 11. Ng5 Bxg5 12. Qxh5 g6 13. Qe2 cxd4 14. h4 Bh6 15. h5
g5 16. Nf3 dxc3 17. bxc3 f5 18. exf6 Qxf6 19. O-O Bg7 20. Bb5 e5 21. Rad1 e4
22. Nxg5 Ne7 23. Nxe4 dxe4 24. h6 Bxh6 25. Bc4+ Kh8 26. Rd6 Qg7 27. Rxh6 Bf5
28. Rd6 Ng6 29. Bd5 Rae8 30. Bc6 Re7 31. Rd4 Rc8 32. Qh5 Qf6 33. Rd6 Re6 34.
Rd7 Nf8 35. Rf7 Qg6 36. Qxf5 Qxf5 37. Rxf5 Rexc6 38. Rf7 Ng6 39. Rd1 Rxc3 40.
Rdd7 Rc1+ 41. Kh2 R1c6 42. Rxh7+ Kg8 43. Rdg7+ Kf8 44. Rxa7 Kg8 45. Rhd7 Ne7
46. Rxe7 Rh6+ 47. Bh4 Rxh4+ 48. Kg3 Rh6 49. Rxe4 Rf6 50. Rg4+ Kh8 51. Raa4 Rc3+
52. f3 Rd6 53. Rg5 Rh6 54. Rag4 Rc7 55. a4 Kh7 56. Rh4 Rxh4 57. Kxh4 Ra7 58.
Rg4 Kh6 59. Rc4 Kg7 60. f4 Kf6 61. g4 Rh7+ 62. Kg3 Ra7 63. Rc6+ Kg7 64. Rxb6
Rxa4 65. f5 Rc4 66. Kh4 Rc1 67. Kh5 Rd1 68. Rb7+ Kf6 69. g5+ Kxf5 70. Rf7+ Ke6
71. Rf2 Ke7 72. Kh6 Rh1+ 73. Kg7 Rg1 74. g6 1-0

[Event "Wisconsin int."]
[Site "Madison USA"]
[Date "2017.06.18"]
[Round "9.3"]
[White "Mulyar, Michael"]
[Black "Hambleton, Aman"]
[Result "1/2-1/2"]
[WhiteElo "2407"]
[BlackElo "2471"]
[PlyCount "21"]
[EventDate "2017.06.13"]
[EventType "swiss"]
[EventRounds "9"]
[EventCountry "USA"]
[Source "Chess Mix"]
[SourceDate "2017.07.10"]

1. d4 Nf6 2. Nf3 e6 3. c4 b6 4. g3 Ba6 5. b3 Bb7 6. Bg2 Bb4+ 7. Bd2 c5 8. O-O
O-O 9. dxc5 Bxc5 10. Nc3 d5 11. cxd5 1/2-1/2

[Event "GRENKE Chess op"]
[Site "Karlsruhe GER"]
[Date "2017.04.16"]
[Round "6.10"]
[White "Hambleton, Aman"]
[Black "Onischuk, Vladimir"]
[Result "1/2-1/2"]
[WhiteElo "2434"]
[BlackElo "2599"]
[PlyCount "137"]
[EventDate "2017.04.13"]
[EventType "swiss"]
[EventRounds "9"]
[EventCountry "GER"]
[Source "Chess Mix"]
[SourceDate "2017.04.20"]

1. d4 d6 2. e4 Nf6 3. f3 e5 4. dxe5 dxe5 5. Qxd8+ Kxd8 6. Bc4 Ke8 7. Be3 Nbd7
8. Nd2 Bc5 9. Nf1 Ke7 10. Nh3 Ne8 11. Nf2 Nd6 12. Be2 Bb6 13. Nd3 f6 14. a4 a5
15. O-O-O Rd8 16. b3 c6 17. Rd2 Bc7 18. Bf2 Nf8 19. Ne3 Ne6 20. c3 b5 21. Rhd1
g6 22. axb5 Nxb5 23. Kc2 a4 24. Nb4 axb3+ 25. Kb2 Rxd2+ 26. Rxd2 Na7 27. Bc4
Bb7 28. Bxb3 Nb5 29. Nc4 Rd8 30. Rxd8 Bxd8 31. Nd3 Bc8 32. Nb6 Bxb6 33. Bxb6
Kd6 34. Be3 g5 35. g3 Nbc7 36. Kc2 Na6 37. Ba2 Nac5 38. Nf2 Ba6 39. Kd2 h5 40.
h4 gxh4 41. gxh4 Ke7 42. Nh1 Nd3 43. Bxe6 Kxe6 44. Ng3 Nb2 45. Nxh5 Nc4+ 46.
Ke2 f5 47. exf5+ Kxf5 48. Ng3+ Ke6 49. Kf2 Nd6 50. Bc1 Bd3 51. h5 Bh7 52. Ba3
Ne8 53. Bf8 Kf7 54. Bc5 Nf6 55. Bd6 Ke6 56. Bb4 e4 57. Bc5 exf3 58. Kxf3 Bc2
59. h6 Kf7 60. Bd4 Ng8 61. Bg7 Kg6 62. Kf4 Nxh6 63. Bxh6 Kxh6 64. Ke5 Kg6 65.
Ne2 Kf7 66. Nd4 Bd3 67. Nxc6 Ke8 68. c4 Bxc4 69. Ke4 1/2-1/2

[Event "GRENKE Chess op"]
[Site "Karlsruhe GER"]
[Date "2017.04.16"]
[Round "7.13"]
[White "Erdos, Viktor"]
[Black "Hambleton, Aman"]
[Result "1/2-1/2"]
[WhiteElo "2593"]
[BlackElo "2434"]
[PlyCount "39"]
[EventDate "2017.04.13"]
[EventType "swiss"]
[EventRounds "9"]
[EventCountry "GER"]
[Source "Chess Mix"]
[SourceDate "2017.04.20"]

1. d4 Nf6 2. c4 e6 3. Nf3 b6 4. g3 Ba6 5. Qb3 Bb7 6. Bg2 c5 7. d5 exd5 8. Nh4
g6 9. cxd5 d6 10. O-O Bg7 11. Nc3 O-O 12. Re1 a6 13. a4 Nbd7 14. Bf4 Qc7 15.
Rad1 Rfe8 16. h3 Ne5 17. Qc2 Qd7 18. Qb3 Qc7 19. Qc2 Qd7 20. Qb3 1/2-1/2

[Event "GRENKE Chess op"]
[Site "Karlsruhe GER"]
[Date "2017.04.17"]
[Round "8.17"]
[White "Hambleton, Aman"]
[Black "Bogner, Sebastian"]
[Result "0-1"]
[WhiteElo "2434"]
[BlackElo "2592"]
[PlyCount "102"]
[EventDate "2017.04.13"]
[EventType "swiss"]
[EventRounds "9"]
[EventCountry "GER"]
[Source "Chess Mix"]
[SourceDate "2017.04.20"]

1. d4 Nf6 2. c4 e6 3. Nc3 Bb4 4. e3 O-O 5. Nge2 d5 6. a3 Be7 7. cxd5 exd5 8.
Nf4 c6 9. Bd3 Na6 10. O-O Nc7 11. f3 g6 12. Bd2 b6 13. Be1 c5 14. Bf2 Bb7 15.
Rc1 Re8 16. Bc2 a6 17. Re1 Bd6 18. Qd2 Ne6 19. Nfe2 Bf8 20. dxc5 bxc5 21. Ba4
Re7 22. Bh4 Bg7 23. Rcd1 Rb8 24. Bg3 Rc8 25. Bb3 Qb6 26. Ba2 Rd8 27. Bf2 Red7
28. Qc2 Bc6 29. h3 Qb7 30. Rd2 Bh6 31. Rdd1 Rd6 32. Ng3 d4 33. Bxe6 dxc3 34.
Rxd6 Rxd6 35. Bc4 Qxb2 36. Qxb2 cxb2 37. Rb1 Rd2 38. Nf1 Rc2 39. Bd3 Rc3 40.
Bxa6 Rxa3 41. Be2 Ra2 42. Bc4 Ra4 43. Bd3 c4 44. Bc2 Ra2 45. e4 Nd7 46. Bd4 Bg7
47. Bxg7 Kxg7 48. Ne3 Nb6 49. Kf2 c3 50. Ke2 Bb5+ 51. Bd3 Ra1 0-1

[Event "CCCSA GM"]
[Site "Charlotte USA"]
[Date "2017.03.29"]
[Round "1.1"]
[White "Hambleton, Aman"]
[Black "Bartholomew, John"]
[Result "1-0"]
[WhiteElo "2441"]
[BlackElo "2453"]
[PlyCount "67"]
[EventDate "2017.03.29"]
[EventType "tourn"]
[EventRounds "9"]
[EventCountry "USA"]
[EventCategory "8"]
[Source "Chess Mix"]
[SourceDate "2017.04.20"]

1. d4 d5 2. c4 c6 3. Nf3 Nf6 4. e3 Bf5 5. Nc3 e6 6. Nh4 Be4 7. f3 Bg6 8. Qb3
Qc7 9. Bd2 Be7 10. g3 Bh5 11. O-O-O dxc4 12. Bxc4 a6 13. g4 Bg6 14. Nxg6 hxg6
15. g5 Nd5 16. f4 Nd7 17. Kb1 Nxc3+ 18. Bxc3 b5 19. Be2 a5 20. Bd2 a4 21. Qc2
a3 22. b3 c5 23. dxc5 O-O 24. c6 Nc5 25. Bf3 Na6 26. h4 Rfd8 27. h5 gxh5 28.
Rxh5 g6 29. Rh8+ Kxh8 30. Bc3+ Kg8 31. Rh1 e5 32. Qh2 f6 33. Qh7+ Kf8 34. Qxg6
1-0

[Event "CCCSA GM"]
[Site "Charlotte USA"]
[Date "2017.03.30"]
[Round "2.5"]
[White "Hambleton, Aman"]
[Black "Gauri, Shankar"]
[Result "1-0"]
[WhiteElo "2441"]
[BlackElo "2320"]
[PlyCount "73"]
[EventDate "2017.03.29"]
[EventType "tourn"]
[EventRounds "9"]
[EventCountry "USA"]
[EventCategory "8"]
[Source "Chess Mix"]
[SourceDate "2017.04.20"]

1. d4 Nf6 2. c4 e6 3. Nc3 Bb4 4. Qc2 d5 5. cxd5 exd5 6. Bg5 h6 7. Bh4 c5 8.
dxc5 Be6 9. e3 Nbd7 10. Nf3 O-O 11. Be2 Rc8 12. O-O Rxc5 13. Qb1 Bxc3 14. bxc3
b6 15. Qb2 g5 16. Bg3 Ne4 17. Rac1 Qf6 18. Nd4 Ne5 19. f4 Nxg3 20. hxg3 Nc4 21.
Bxc4 Rxc4 22. Qa3 Rfc8 23. Qxa7 Rxc3 24. Rxc3 Rxc3 25. Qxb6 Rxe3 26. f5 Re4 27.
Nb3 Qe5 28. fxe6 Qxe6 29. Qd8+ Qe8 30. Qxe8+ Rxe8 31. a4 Rb8 32. Rb1 Kf8 33. a5
Ke7 34. a6 Ra8 35. Ra1 Ra7 36. Nd4 Kd7 37. g4 1-0

[Event "CCCSA GM"]
[Site "Charlotte USA"]
[Date "2017.03.30"]
[Round "3.2"]
[White "Kumar, Nikhil"]
[Black "Hambleton, Aman"]
[Result "0-1"]
[WhiteElo "2444"]
[BlackElo "2441"]
[PlyCount "100"]
[EventDate "2017.03.29"]
[EventType "tourn"]
[EventRounds "9"]
[EventCountry "USA"]
[EventCategory "8"]
[Source "Chess Mix"]
[SourceDate "2017.04.20"]

1. d4 Nf6 2. c4 e6 3. Nc3 Bb4 4. e3 O-O 5. Nge2 Re8 6. a3 Bf8 7. Nf4 d6 8. Be2
c6 9. O-O Nbd7 10. b3 g6 11. Nd3 e5 12. dxe5 dxe5 13. e4 Nc5 14. Nxc5 Qxd1 15.
Rxd1 Bxc5 16. Be3 Bxe3 17. fxe3 Be6 18. Rd2 Red8 19. Rad1 Rxd2 20. Rxd2 Kf8 21.
Kf2 Ke7 22. Ke1 a5 23. h3 Nd7 24. Na4 Rb8 25. Bf1 b5 26. cxb5 cxb5 27. Nc3 b4
28. Nd5+ Bxd5 29. exd5 Kd6 30. Bc4 Nb6 31. axb4 Nxc4 32. bxc4 axb4 33. Kd1 Kc5
34. d6 Kxc4 35. d7 Rd8 36. Kc2 Kc5 37. Kb3 Kc6 38. Kxb4 Rxd7 39. Ra2 Kd5 40.
Rd2+ Ke6 41. Re2 Kf5 42. e4+ Kf4 43. Kc5 f5 44. exf5 gxf5 45. g3+ Kxg3 46. Rxe5
f4 47. Kc6 Rf7 48. Kd5 f3 49. Ke4 f2 50. Rg5+ Kh2 0-1

[Event "CCCSA GM"]
[Site "Charlotte USA"]
[Date "2017.03.31"]
[Round "4.4"]
[White "Hambleton, Aman"]
[Black "Brown, Michael William"]
[Result "0-1"]
[WhiteElo "2441"]
[BlackElo "2478"]
[PlyCount "112"]
[EventDate "2017.03.29"]
[EventType "tourn"]
[EventRounds "9"]
[EventCountry "USA"]
[EventCategory "8"]
[Source "Chess Mix"]
[SourceDate "2017.04.20"]

1. d4 Nf6 2. c4 e6 3. Nc3 Bb4 4. e3 O-O 5. Nge2 c6 6. a3 Ba5 7. Ng3 d6 8. Be2
c5 9. O-O Nc6 10. d5 exd5 11. cxd5 Ne7 12. e4 Ng6 13. Rb1 Re8 14. Qc2 Bd7 15.
Be3 Rc8 16. Nb5 Bxb5 17. Bxb5 Rf8 18. Be2 Re8 19. b3 a6 20. a4 Qe7 21. Bd3 Ne5
22. Nf5 Qd7 23. Bg5 Bd8 24. Bxf6 Bxf6 25. Be2 g6 26. Ne3 Qe7 27. g3 Bg7 28. Kg2
Nd7 29. Bd3 c4 30. bxc4 Nc5 31. Rfe1 Qd7 32. a5 Re7 33. Qd2 Rce8 34. Bc2 Nxe4
35. Bxe4 Rxe4 36. Qb4 R8e7 37. Nc2 Qf5 38. Ne3 Qf6 39. Qd2 h5 40. Nc2 Rxc4 41.
Rxe7 Qxe7 42. Qe3 Qc7 43. Ne1 Qxa5 44. Qe8+ Bf8 45. Rd1 Qa4 46. Qe2 Re4 47. Qd3
Qc4 48. Qd2 Re2 49. Qg5 Re5 50. Qd2 Re2 51. Qg5 Be7 52. Qh6 Bf8 53. Qg5 Qg4 54.
Qc1 h4 55. Kf1 Ra2 56. Nd3 Qf3 0-1

[Event "CCCSA GM"]
[Site "Charlotte USA"]
[Date "2017.03.31"]
[Round "5.3"]
[White "Kaliksteyn, Alexander"]
[Black "Hambleton, Aman"]
[Result "1/2-1/2"]
[WhiteElo "2453"]
[BlackElo "2441"]
[PlyCount "129"]
[EventDate "2017.03.29"]
[EventType "tourn"]
[EventRounds "9"]
[EventCountry "USA"]
[EventCategory "8"]
[Source "Chess Mix"]
[SourceDate "2017.04.20"]

1. d4 Nf6 2. Nf3 e6 3. Bf4 c5 4. e3 d5 5. Nbd2 Nc6 6. c3 cxd4 7. exd4 Nh5 8.
Bg3 g6 9. Be2 Nxg3 10. hxg3 Qc7 11. Bd3 Bg7 12. Qe2 Bd7 13. Nb3 b6 14. Kf1 O-O
15. Re1 f6 16. Nh4 Ne7 17. Bb5 e5 18. Bxd7 Qxd7 19. dxe5 fxe5 20. c4 e4 21.
cxd5 Nxd5 22. Qxe4 Rae8 23. Qb1 Rxe1+ 24. Qxe1 Bxb2 25. Nf3 Bf6 26. Kg1 Nc3 27.
Nc1 Re8 28. Qf1 b5 29. a3 Qd1 30. Kh2 Qxf1 31. Rxf1 Nb1 32. g4 Nxa3 33. g5 Be7
34. g3 Nc4 35. Re1 Kf7 36. Nb3 a5 37. Nbd4 Bc5 38. Rc1 Rb8 39. Kg2 Bxd4 40.
Nxd4 a4 41. Nxb5 Rxb5 42. Rxc4 Ra5 43. Rc7+ Ke6 44. Rxh7 a3 45. Rh1 a2 46. Ra1
Kf5 47. f4 Kg4 48. Kf2 Ra3 49. Kf1 Kf3 50. Ke1 Ke3 51. Kf1 Ra5 52. Kg2 Ke4 53.
Kf2 Ra3 54. Kg2 Kf5 55. Kf2 Kg4 56. Kf1 Kf3 57. Ke1 Re3+ 58. Kd2 Re2+ 59. Kd3
Rg2 60. Kd4 Kxg3 61. Ke5 Rb2 62. f5 Rb5+ 63. Kf6 gxf5 64. g6 f4 65. Rxa2
1/2-1/2

[Event "CCCSA GM"]
[Site "Charlotte USA"]
[Date "2017.04.01"]
[Round "6.3"]
[White "Hambleton, Aman"]
[Black "Ringoir, Tanguy"]
[Result "0-1"]
[WhiteElo "2441"]
[BlackElo "2518"]
[PlyCount "120"]
[EventDate "2017.03.29"]
[EventType "tourn"]
[EventRounds "9"]
[EventCountry "USA"]
[EventCategory "8"]
[Source "Chess Mix"]
[SourceDate "2017.04.20"]

1. d4 Nf6 2. c4 e6 3. Nc3 Bb4 4. e3 O-O 5. Nge2 c6 6. a3 Ba5 7. Ng3 d5 8. Bd2
Bc7 9. Be2 Nbd7 10. O-O b6 11. b4 dxc4 12. Bxc4 c5 13. bxc5 bxc5 14. dxc5 Nxc5
15. Nb5 Bb6 16. a4 Bb7 17. a5 a6 18. Nd4 Ba7 19. Qe2 Ne8 20. Bb4 Nd6 21. Ba2
Qg5 22. Rac1 Rac8 23. Rfd1 Rfd8 24. Nf3 Qg4 25. Rd4 Nce4 26. Rxc8 Rxc8 27. Rxd6
Nxd6 28. Bxd6 Rc1+ 29. Nf1 Bxf3 30. Qxf3 Qxf3 31. gxf3 Ra1 32. Bb3 Rxa5 33. Nd2
Bc5 34. Bxc5 Rxc5 35. f4 Rc1+ 36. Kg2 a5 37. Kf3 Ra1 38. Bc4 a4 39. Ke2 a3 40.
Kd3 a2 41. h4 g6 42. Ke2 Kg7 43. Nf3 Rc1 44. Bxa2 Rc2+ 45. Kf1 Rxa2 46. Kg2 f6
47. Kg3 Kf7 48. Nh2 Ke7 49. Ng4 Ra1 50. Kg2 h5 51. Nh2 Kd6 52. Nf1 Kd5 53. Ng3
Re1 54. Kf3 Rg1 55. e4+ Kd6 56. f5 exf5 57. exf5 Rxg3+ 58. fxg3 gxf5 59. Kf2
Ke5 60. Ke3 f4+ 0-1

[Event "CCCSA GM"]
[Site "Charlotte USA"]
[Date "2017.04.01"]
[Round "7.4"]
[White "Gurevich, Daniel"]
[Black "Hambleton, Aman"]
[Result "1-0"]
[WhiteElo "2465"]
[BlackElo "2441"]
[PlyCount "83"]
[EventDate "2017.03.29"]
[EventType "tourn"]
[EventRounds "9"]
[EventCountry "USA"]
[EventCategory "8"]
[Source "Chess Mix"]
[SourceDate "2017.04.20"]

1. e4 c5 2. Nf3 e6 3. d4 cxd4 4. Nxd4 Nc6 5. Nc3 Qc7 6. Be3 a6 7. Qf3 Bd6 8.
O-O-O Be5 9. Nxc6 bxc6 10. Bd4 Nf6 11. g4 Bxd4 12. Rxd4 d5 13. Rd1 Bb7 14. Rg1
Nxe4 15. Nxe4 dxe4 16. Qxe4 c5 17. Qe3 O-O 18. Bc4 Rfd8 19. Qg3 Qc6 20. Qe5 Qf3
21. Qg3 Qc6 22. Rd3 Rd4 23. Rgd1 Rad8 24. b3 h6 25. Kb2 a5 26. Qe5 Qb6 27. c3
Rxd3 28. Rxd3 Rxd3 29. Bxd3 Bd5 30. Kc1 Kf8 31. h4 f6 32. Qf4 e5 33. Qa4 Ke7
34. Bg6 Bf7 35. h5 Qc7 36. Bxf7 Kxf7 37. Qc4+ Ke7 38. b4 Kd6 39. Qa6+ Qc6 40.
Qxa5 cxb4 41. Qxb4+ Kd5 42. a4 1-0

[Event "CCCSA GM"]
[Site "Charlotte USA"]
[Date "2017.04.02"]
[Round "8.2"]
[White "Hambleton, Aman"]
[Black "Fishbein, Alexander"]
[Result "1/2-1/2"]
[WhiteElo "2441"]
[BlackElo "2481"]
[PlyCount "49"]
[EventDate "2017.03.29"]
[EventType "tourn"]
[EventRounds "9"]
[EventCountry "USA"]
[EventCategory "8"]
[Source "Chess Mix"]
[SourceDate "2017.04.20"]

1. d4 Nf6 2. c4 g6 3. Nc3 Bg7 4. e4 d6 5. f3 a6 6. Be3 c6 7. c5 b5 8. cxd6 exd6
9. Nge2 Nbd7 10. Nf4 O-O 11. Be2 Re8 12. Qd2 c5 13. O-O Bb7 14. dxc5 dxc5 15.
Rfd1 Rc8 16. Rac1 c4 17. a3 Qe7 18. Bf1 Nc5 19. Qf2 Nb3 20. Rb1 Qe5 21. Nfe2
Red8 22. Bf4 Qc5 23. Be3 Qe5 24. Bf4 Qc5 25. Be3 1/2-1/2

[Event "CCCSA GM"]
[Site "Charlotte USA"]
[Date "2017.04.02"]
[Round "9.5"]
[White "Zapata, Alonso"]
[Black "Hambleton, Aman"]
[Result "1/2-1/2"]
[WhiteElo "2426"]
[BlackElo "2441"]
[PlyCount "63"]
[EventDate "2017.03.29"]
[EventType "tourn"]
[EventRounds "9"]
[EventCountry "USA"]
[EventCategory "8"]
[Source "Chess Mix"]
[SourceDate "2017.04.20"]

1. e4 e6 2. d4 d5 3. Nd2 c5 4. exd5 Qxd5 5. Ngf3 cxd4 6. Bc4 Qd7 7. O-O Nc6 8.
Nb3 Nf6 9. Qe2 a6 10. Rd1 b5 11. Bd3 Bb7 12. c3 Be7 13. Bc2 O-O 14. Bg5 Rfd8
15. a4 bxa4 16. Rxa4 Ne5 17. Nbxd4 Nxf3+ 18. Nxf3 Qb5 19. Qxb5 axb5 20. Rxa8
Rxa8 21. Nd4 b4 22. c4 h6 23. Bf4 Rc8 24. b3 Ne4 25. Be3 Rd8 26. Kf1 Bc5 27. f3
e5 28. Nf5 Rxd1+ 29. Bxd1 Bxe3 30. Nxe3 Nc5 31. Ke2 Kf8 32. Nc2 1/2-1/2

[Event "PRO League Atlantic"]
[Site "chess.com INT"]
[Date "2017.01.11"]
[Round "1"]
[White "Hambleton, Aman"]
[Black "Barbosa, O PHI."]
[Result "1-0"]
[WhiteElo "2441"]
[BlackElo "2518"]
[PlyCount "99"]
[EventDate "2017.01.11"]
[EventType "team"]
[EventRounds "7"]
[EventCountry "USA"]
[Source "Mark Crowther"]
[SourceDate "2017.01.16"]
[WhiteTeam "Montreal ChessBrahs"]
[BlackTeam "New York Knights"]

1. d4 d5 2. c4 c6 3. Nc3 Nf6 4. e3 e6 5. Nf3 Nbd7 6. Qc2 Qc7 7. Bd3 dxc4 8.
Bxc4 a6 9. O-O b5 10. Be2 c5 11. dxc5 Nxc5 12. Bd2 Bd7 13. Rac1 Qb8 14. b4 Nb7
15. a4 Bxb4 16. Nxb5 axb5 17. Bxb4 Nd5 18. Bc3 O-O 19. Be5 Qa7 20. axb5 f6 21.
Bd4 Qa3 22. Bc4 Rfc8 23. Ra1 Qd6 24. Rxa8 Rxa8 25. e4 Nf4 26. e5 Qc7 27. exf6
Bxb5 28. f7+ Kxf7 29. Qf5+ Kg8 30. Qxb5 Nd6 31. Qe5 Ng6 32. Bxe6+ Kh8 33. Qc5
Qe7 34. Be5 Qxe6 35. Qxd6 Qc4 36. Bg3 Re8 37. Ne5 Nxe5 38. Bxe5 Qe4 39. Bg3 h6
40. h3 Kh7 41. Rd1 Qa4 42. Kh2 Kh8 43. Qd7 Qa8 44. Rb1 Rg8 45. Qc7 Qe4 46. Rb8
Rxb8 47. Qxb8+ Kh7 48. Qf4 Qd3 49. f3 Qg6 50. Qe4 1-0

[Event "PRO League Atlantic"]
[Site "chess.com INT"]
[Date "2017.01.11"]
[Round "1"]
[White "Hambleton, Aman"]
[Black "Bonin, Jay"]
[Result "1-0"]
[WhiteElo "2441"]
[BlackElo "2260"]
[PlyCount "129"]
[EventDate "2017.01.11"]
[EventType "team"]
[EventRounds "7"]
[EventCountry "USA"]
[Source "Mark Crowther"]
[SourceDate "2017.01.16"]
[WhiteTeam "Montreal ChessBrahs"]
[BlackTeam "New York Knights"]

1. d4 Nf6 2. c4 g6 3. Nc3 Bg7 4. e4 d6 5. f3 O-O 6. Be3 c5 7. Nge2 Nc6 8. d5
Ne5 9. Ng3 e6 10. Be2 exd5 11. cxd5 h5 12. O-O h4 13. Nh1 Nh7 14. Nf2 f5 15.
Qd2 g5 16. exf5 Bxf5 17. Nce4 Nf7 18. Kh1 a6 19. a4 Rb8 20. a5 b5 21. axb6 Rxb6
22. Ra2 Qb8 23. Nc3 Qb7 24. Bd3 Bxd3 25. Nxd3 Bxc3 26. bxc3 Qxd5 27. Rc2 Rb3
28. Rd1 c4 29. Nf2 Qxd2 30. Bxd2 d5 31. Be3 Nf6 32. Bd4 Nd7 33. Ra2 Ra8 34.
Rda1 a5 35. Ng4 a4 36. Rxa4 Rxa4 37. Rxa4 Rb1+ 38. Bg1 Nfe5 39. Nxe5 Nxe5 40.
h3 Nd3 41. Kh2 Nf4 42. Be3 Rb2 43. Bxf4 gxf4 44. Ra5 Rd2 45. Kg1 Kf7 46. Ra6
Ke7 47. Kf1 Rd3 48. Ra3 Ke6 49. Ke2 Ke5 50. Ke1 Re3+ 51. Kd2 Rd3+ 52. Kc2 d4
53. Ra5+ Kd6 54. cxd4 Rxd4 55. Rh5 Rd3 56. Rg5 Re3 57. Rf5 Re2+ 58. Kc3 Rxg2
59. Rxf4 Rg3 60. Rxh4 Rxf3+ 61. Kxc4 Ke5 62. Rh5+ Kf4 63. Kd5 Kg3 64. Ke4 Rf4+
65. Ke5 1-0

[Event "PRO League Atlantic"]
[Site "chess.com INT"]
[Date "2017.01.11"]
[Round "1"]
[White "Paragua, Mark"]
[Black "Hambleton, Aman"]
[Result "0-1"]
[WhiteElo "2492"]
[BlackElo "2441"]
[PlyCount "118"]
[EventDate "2017.01.11"]
[EventType "team"]
[EventRounds "7"]
[EventCountry "USA"]
[Source "Mark Crowther"]
[SourceDate "2017.01.16"]
[WhiteTeam "New York Knights"]
[BlackTeam "Montreal ChessBrahs"]

1. e4 e6 2. d4 d5 3. Nc3 Bb4 4. e5 Ne7 5. a3 Bxc3+ 6. bxc3 b6 7. Qg4 Ng6 8. h4
h5 9. Qg3 Ba6 10. Bxa6 Nxa6 11. Ne2 Qd7 12. Nf4 Nxf4 13. Bxf4 f6 14. a4 Nb8 15.
O-O Nc6 16. Rfe1 f5 17. Bg5 Na5 18. Re3 Nc4 19. Rf3 a5 20. Qf4 Qc6 21. Rg3 Kd7
22. Qf3 Kc8 23. Bf4 Qd7 24. Rg5 Qf7 25. Qg3 Rh7 26. f3 Kb7 27. Qf2 Rf8 28. Kh2
Qe8 29. Qg3 Qd7 30. Bc1 Qf7 31. Qf4 Rh6 32. Rxg7 Qxg7 33. Qxh6 Qf7 34. Bg5 Rg8
35. Qf6 Qe8 36. Qh6 Nb2 37. g4 hxg4 38. fxg4 fxg4 39. Qh7 Rh8 40. Qg7 Rg8 41.
Qh7 Rh8 42. Qg7 Rf8 43. Bf6 Rg8 44. Qh6 g3+ 45. Kg2 Nc4 46. h5 Qf7 47. Re1 b5
48. axb5 a4 49. Rf1 Qe8 50. Qh7 a3 51. Ra1 Rg4 52. Kf3 Re4 53. Qg6 Re3+ 54. Kg2
Qxb5 55. h6 Qb2 56. Rf1 Re2+ 57. Kxg3 Rxc2 58. h7 Rg2+ 59. Kh3 Rxg6 0-1

[Event "PRO League Atlantic"]
[Site "chess.com INT"]
[Date "2017.01.11"]
[Round "1"]
[White "Yudasin, Leonid"]
[Black "Hambleton, Aman"]
[Result "1/2-1/2"]
[WhiteElo "2517"]
[BlackElo "2441"]
[PlyCount "89"]
[EventDate "2017.01.11"]
[EventType "team"]
[EventRounds "7"]
[EventCountry "USA"]
[Source "Mark Crowther"]
[SourceDate "2017.01.16"]
[WhiteTeam "New York Knights"]
[BlackTeam "Montreal ChessBrahs"]

1. e4 e5 2. Nf3 Nc6 3. Bc4 Bc5 4. c3 Nf6 5. b4 Bb6 6. d3 d6 7. O-O O-O 8. Bg5
h6 9. Bh4 g5 10. Bg3 Qe7 11. Nbd2 Be6 12. Re1 a6 13. Bb3 Kh7 14. Nc4 Ba7 15.
Ne3 Bxe3 16. Rxe3 Rae8 17. Bc2 Bg4 18. h3 Bh5 19. d4 Bg6 20. dxe5 dxe5 21. a4
Rd8 22. Qe1 Nd7 23. Nd2 Rfe8 24. Re2 Nf8 25. Nc4 f6 26. Ne3 Ne6 27. Nd5 Qg7 28.
Rd2 Ne7 29. Rad1 Nxd5 30. Rxd5 Rxd5 31. Rxd5 Qe7 32. Qd2 Rd8 33. Rxd8 Qxd8 34.
Qxd8 Nxd8 35. f3 Bf7 36. Bf2 Bc4 37. h4 Kg6 38. hxg5 hxg5 39. Be3 Ne6 40. g3 b5
41. Kf2 c6 42. Ba7 Kf7 43. Bd1 Kg6 44. Ke3 Kf7 45. axb5 1/2-1/2